000 00650nam a2200229 i 4500
001 89921
003 ES-MaACL
005 20230906180313.0
007 t|
008 050117s1953 sp ||||1| spa d
100 1 _aLay, Beirne.
_970762
245 1 0 _aAlmas en la hoguera /
_cBeirne Lay y Sy Bartlett ; [traducción de Jaime Elias].
250 _a[1ª ed.].
260 _aBarcelona :
_bL.A.R.A.,
_c[1953]
300 _a255 p. ;
_c19 cm.
490 1 _aHorizonte
700 1 _aBartlett, Sy.
_926140
700 1 _aElías Cornet, Jaime.
_946973
830 0 _aHorizonte
_9180916
852 _aES-MaACL
_jC-8934
_bR.34511
999 _c89921
_d89921